期刊信息 |
| 索取号 |
C55/QQH
|
| 题名 |
齐齐哈尔联社通讯
|
| 作者 |
齐齐哈尔联社通讯编辑部
|
| 分册号 |
|
| 分册名 |
|
| 出版地 |
黑龙江
|
| 出版者 |
该社
|
| 标准刊号 |
|
| 出版频率 |
季刊
|
| 中图法分类 |
C55
|
| 主题词 |
社会科学 连续出版物; 社会科学 期刊
|
| 电子资源 | |
| |
|
| 000 | 00569nas0 2200181 45 | |
| 001 | 0753414078 | |
| 005 | 20070418145129.82 | |
| 100 | @a20070418d km y0chiy0120 ea | |
| 101 | 0 | @achi |
| 200 | 1 | @a齐齐哈尔联社通讯@AQi Qi Ha Er Lian She Tong Xun@f齐齐哈尔联社通讯编辑部@FQi Qi Ha Er Lian She Tong Xun Bian Ji Bu |
| 210 | @a黑龙江@c该社 | |
| 326 | @a季刊 | |
| 606 | 0 | @a社会科学@x连续出版物 |
| 606 | 0 | @a社会科学@x期刊 |
| 690 | @aC55@v4 | |
| 711 | 02 | @a齐齐哈尔联社通讯编辑部@AQi Qi Ha Er Lian She Tong Xun Bian Ji Bu |
| 801 | 0 | @aCN@bPFT@c20070418 |
| 905 | @aTJWY@dC55@eQQH | |
| 齐齐哈尔联社通讯/齐齐哈尔联社通讯编辑部.-黑龙江:该社 |
| ● |
| 相关链接: |
|
|
|
|